000 00563nam a2200217Ia 4500
003 OSt
005 20220928140608.0
006 a|||||r|||| 00| 0
007 ta
008 220927b |||||||| |||| 00| 0 eng d
024 _a9767
037 _cTextual
040 _aSDCL
_cSDCL
_beng
041 _2eng
_aeng
082 _aD6,8(B289B), N8
100 _aPerry Greg Ed.
_9496128
245 0 _aSams teach yourself visual basic 6 in 21 days
260 _c1998
942 _hD6,8(B289B), N8
_cTEXL
_2CC
999 _c812394
_d812394